Расчет топлива и ГСМ

Bibliografiset tiedot
Päätekijä: Грибков А. Ю. Алексей Юрьевич
Yhteenveto:Даны практические рекомендации по оптимизации учета ГСМ в свете изменений гражданского и налогового законодательства с учетом требований налоговых органов, предъявляемых ими при проведении документальных проверок. В качестве приложений в книгу включены основные нормативные документы по рассматриваемым вопросам. Автор предлагает нетрадиционные решения многих практических вопросов, возникающих на данном участке учетной работы. Эти решения помогают избежать споров с налоговыми органами. Для бухгалтеров, руководителей, специалистов организаций, которые покупают топливо для своих машин и продают нефтепродукты. Книга может быть использована в качестве учебного пособия студентами, аспирантами и преподавателями вузов.
Kieli:venäjä
Julkaistu: Москва, Омега-Л, 2006
Painos:2-е изд., испр.
Sarja:Практическая бухгалтерия
Aiheet:
Aineistotyyppi: MixedMaterials Kirja
KOHA link:https://koha.lib.tpu.ru/cgi-bin/koha/opac-detail.pl?biblionumber=104520

MARC

LEADER 00000nam0a2200000 4500
001 104520
005 20231101214543.0
010 |a 536500602X 
035 |a (RuTPU)RU\TPU\book\112702 
090 |a 104520 
100 |a 20061102d2006 km y0rusy50 ca 
101 0 |a rus 
102 |a RU 
105 |a y z 000zy 
200 1 |a Расчет топлива и ГСМ  |f А. Ю. Грибков 
205 |a 2-е изд., испр. 
210 |a Москва  |c Омега-Л  |d 2006 
215 |a 200 с. 
225 1 |a Практическая бухгалтерия 
330 |a Даны практические рекомендации по оптимизации учета ГСМ в свете изменений гражданского и налогового законодательства с учетом требований налоговых органов, предъявляемых ими при проведении документальных проверок. В качестве приложений в книгу включены основные нормативные документы по рассматриваемым вопросам. Автор предлагает нетрадиционные решения многих практических вопросов, возникающих на данном участке учетной работы. Эти решения помогают избежать споров с налоговыми органами. Для бухгалтеров, руководителей, специалистов организаций, которые покупают топливо для своих машин и продают нефтепродукты. Книга может быть использована в качестве учебного пособия студентами, аспирантами и преподавателями вузов. 
606 1 |a Топливо  |x Хранение  |2 stltpush  |3 (RuTPU)RU\TPU\subj\32986  |9 55354 
606 1 |a Нефтепродукты  |x Учет  |2 stltpush  |3 (RuTPU)RU\TPU\subj\34229  |9 56229 
610 1 |a химическая технология 
610 1 |a горюче-смазочные материалы 
610 1 |a получение 
610 1 |a реализация 
610 1 |a списание 
610 1 |a расчет 
610 1 |a документальное оформление 
675 |a 662.6  |v 3 
675 |a 665.71  |v 3 
700 1 |a Грибков  |b А. Ю.  |g Алексей Юрьевич 
801 1 |a RU  |b 63413507  |c 20061102  |g PSBO 
801 2 |a RU  |b 63413507  |c 20141212  |g PSBO 
942 |c BK